000 00815nam a2200265Ia 4500
003 OSt
005 20220918105812.0
006 a|||||r|||| 00| 0
007 ta
008 220915b |||||||| |||| 00| 0 eng d
024 _a233415
037 _cReference Collections
040 _aARTS
_cARTS
_beng
041 _2eng
_aeng
082 _a2:(D65,8[B]), P4-;1(2D/RR)
100 _aAndrews Judith Ed.
_94065
245 0 _aDigital libraries
_b Policy, planning and practice
260 _aEngland
_bAshgate
_c2004
300 _axx, 263p
490 _aDigital libraries
650 _aCOMPUTR SCIENCE; LIBRARY SCIENCE
_94066
700 _a Law Derek Ed.
_94067
942 _h2:(D65,8[B]), P4-;1(2D/RR)
_cREF
999 _c109555
_d109555